000 00615nam a2200205Ia 4500
003 GCL
008 140319s9999 xx 000 0 ara d
040 _aGCL /
_cGCL
082 0 4 _a398.23
_bج ر
100 1 _aجان صدقة
245 1 0 _aرموز وطقوس: دراسات فى الميثولوجيا القديمة /
_cجان صدقة
260 _a[S.N] :
_bرياض الريس للكتب والنشر
300 _a174 ص
490 _a
650 0 4 _aالعادات والتقاليد
650 0 4 _aالحضارة
650 0 4 _aالطقوس الدينية
650 0 4 _aالرموز
942 _2ddc
_cBK
999 _c55325
_d55325